000
00210 a2200085 4500
020
_a
9788412494211
100
_a
Urban Commons Research Collective
245
_a
Urban Commons Handbook
260
_b
Dpr-Barcelona
_c
2022
999
_c
12805
_d
12805